Najpopularniejsi raperzy w tym tygodniu . 20-26.11 - Statystyki

Ogólne statystyki
  • Ten quiz został rozwiązany 25 razy
  • Średni wynik to 9 z 15
Statystyki odpowiedzi
Wyświetlenia Artysta % Poprawnych
5.55M Bedoes
87%
4.69M Szpaku
83%
2.69M Taco Hemingway
74%
5.08M Guzior
70%
3.55M Mata
65%
2.49M White 2115
65%
4.01M Żabson
65%
5.56M Kabe
61%
3.69M Sobel
61%
3.92M Tymek
61%
3.40M Kizo
52%
4.17M Paluch
52%
3.39M Kali
35%
4.08M Kubańczyk
26%
3.25M Major SPZ
22%
Nie znaleziono quizów pasujących do podanych kryteriów
Rozkład punktacji
Procent ludzi z każdym wynikiem
Percentyl według liczby udzielonych odpowiedzi
Twoja historia wyników
Nie rozwiązałeś tego quizu